Catalog

Record Details

Catalog Search



The concept of biblical theology : an Old Testament perspective Cover Image Book Book

The concept of biblical theology : an Old Testament perspective James Barr

Barr, James (Author).

Record details

  • ISBN: 0-334-02752-7
  • Physical Description: 607 p.
  • Publisher: London SCM Press 1999

Available copies

  • 1 of 1 copy available at Common Catalog SPOK.

Holds

  • 0 current holds with 1 total copy.
Show Only Available Copies
Location Call Number / Copy Notes Barcode Shelving Location Status Due Date
ETS Library 230.0411 424470003308 Volný výběr Available -

LDR 00683nam a2 00241
00143132
003CZ-PrJAB
00520030606000000.0
008010904s1999 xxk e |||| |eng
009gb
020 . ‡a0-334-02752-7
035 . ‡a(CONS)1509
035 . ‡aKPS9437
040 . ‡aABG450
041 . ‡aeng
08214. ‡a230.0411
100 . ‡74256 ‡aBarr, James
245 . ‡aThe concept of biblical theology : ‡ban Old Testament perspective ‡cJames Barr
260 . ‡aLondon ‡bSCM Press ‡c1999
300 . ‡a607 p.
653 . ‡aThe concept of Biblical theology ‡aan Old Testament perspective
8524 . ‡bETS ‡bETS ‡cVolný výběr ‡j230.0411 ‡gE ‡p424470003308
910 . ‡aABG450
999 . ‡a1509 ‡bAUTOGEN ‡c1509 ‡tbiblio
905 . ‡uadmin
901 . ‡a43132 ‡b ‡c43132 ‡tbiblio ‡sets

Additional Resources